书目信息 |
| 题名: |
精讲电气工程制图与识图
|
|
| 作者: | 王俊峰 , 王兰君 编著 | |
| 分册: | ||
| 出版信息: | 北京 机械工业出版社 2014 |
|
| 页数: | 289页 | |
| 开本: | 26cm | |
| 丛书名: | ||
| 单 册: | ||
| 中图分类: | TM02 | |
| 科图分类: | ||
| 主题词: | 电气制图 , 电路图--识图 , 识图 , 电路图 | |
| 电子资源: | ||
| ISBN: | 978-7-111-45676-6 | |
| 000 | 00959nam0 2200277 450 | |
| 001 | 139539 | |
| 005 | 20140912142034.57 | |
| 010 | @a978-7-111-45676-6@dCNY 49.80 | |
| 100 | @a20140522d2014 em y0chiy50 ea | |
| 101 | 0 | @achi |
| 102 | @aCN@b110000 | |
| 105 | @aa z 000yy | |
| 200 | 1 | @a精讲电气工程制图与识图@Ajing jiang dian qi gong cheng zhi tu yu shi tu@b专著@f王俊峰,王兰君等编著 |
| 205 | @a2版 | |
| 210 | @a北京@c机械工业出版社@d2014 | |
| 215 | @a289页@c图@d26cm | |
| 330 | @a本书介绍了电气工程制图与识图的基础知识和基本技能、电气工程制图的规则与符号、电气工程制图类型、电气工程制图软件、电气工程制图举例、电气工程电路识图、电路分析举例、常用电气实战电路范例等内容。 | |
| 606 | 0 | @a电气制图 |
| 606 | 0 | @a电路图@x识图 |
| 606 | 0 | @a识图 |
| 606 | 0 | @a电路图 |
| 690 | @aTM02@v5 | |
| 701 | 0 | @a王俊峰@Awang jun feng@c(电子技术)@4编著 |
| 701 | 0 | @a王兰君@Awang lan jun@4编著 |
| 801 | 0 | @aCN@bZL@c20140912 |
| 905 | @a241430@dTM02@eW2301=2 | |
| 精讲电气工程制图与识图/王俊峰,王兰君等编著.-2版.-北京:机械工业出版社,2014 |
| 289页:图;26cm |
| ISBN 978-7-111-45676-6:CNY 49.80 |
| 本书介绍了电气工程制图与识图的基础知识和基本技能、电气工程制图的规则与符号、电气工程制图类型、电气工程制图软件、电气工程制图举例、电气工程电路识图、电路分析举例、常用电气实战电路范例等内容。 |
| ● |
| 相关链接 |
|
|
|
正题名:精讲电气工程制图与识图
索取号:TM02/W2301=2
 
预约/预借
| 序号 | 登录号 | 条形码 | 馆藏地/架位号 | 状态 | 备注 |
| 1 | 0831104 | 208311049 | 自科库301/301自科库 5排1列2层/ [索取号:TM02/W2301=2] | 在馆 | |
| 2 | 0831105 | 208311058 | 自科库301/301自科库 5排1列2层/ [索取号:TM02/W2301=2] | 在馆 | |
| 3 | 0831106 | 208311067 | 自科二线404/404自科库 21排5列6层/ [索取号:TM02/W2301=2] | 在馆 |